| 000 | 01229cam a2200217 4500 | ||
|---|---|---|---|
| 001 | WB@3612-884 | ||
| 008 | 040923n2004 000 0 eng u | ||
| 035 | _a(Sirsi) u127494 | ||
| 245 | _aFly-tipping database | ||
| 260 | _c2004 | ||
| 490 |
_aEnvironment Agency Press Release _v21 September 2004 (5) |
||
| 520 | _aFly-tipping is on the increase - in 2003 the Environment Agency dealt with 5 300 incidents - almost 40% more than in 2001. In addition, local authorities deal with thousand of incidents each year. Almost 25% of incidents involve waste from construction, demolition and excavation activities. In April 2004 a national fly-tipping database, FlyCapture, was set-up by the Environment Agency, with funding from DEFRA, in order to improve information on the scale of fly-tipping to help focus resources, target hot-spot areas and identify trends in this growing crime. http://www.environment-agency.gov.uk/news/869707?l ang=_e®ion=&projectstatus=&theme=&subject=&sear chfor=&topic=&area=&month= | ||
| 590 | _aWB | ||
| 590 | _aWB | ||
| 650 | _aFLY-TIPPING | ||
| 650 | _aENVIRONMENT AGENCY | ||
| 650 | _aWASTE DISPOSAL STRATEGY | ||
| 650 | _aILLEGAL DUMPING | ||
| 690 | _aWASTE MANAGEMENT | ||
| 942 | _n0 | ||
| 999 |
_c118035 _d118035 |
||